000 03346cam a22012614i 4500
003 PE-LiUPU
005 20250813185341.0
008 170124s2016 miu rb 001 0 eng d
020 _a0802874681
020 _a9780802874689
035 _a(Sirsi) a166427
040 _aPE-LiUPU
_bspa
_cPE-LiUPU
_erda
049 _aPRUA
082 0 4 _a305.42
_bC24
_223
100 1 _aCamosy, Charles C.,
_eautor.
245 1 0 _aBeyond the abortion wars :
_ba way forward for a new generation /
_cCharles C. Camosy.
250 _aPaperback edition.
264 1 _aGrand Rapids, Michigan :
_bWilliam B. Eerdmans Publishing Company,
_c2016.
300 _axiv , 207 páginas ;
_c23 centimetros.
336 _atext
_2rdacontent
337 _aunmediated
_2rdamedia
338 _avolume
_2rdacarrier
490 1 _aCatholic theological formation series
504 _aBibliografía : páginas 191-203.
504 _aÍndices: páginas 204-207.
505 0 _aIntroduction: Is there anything left to say? -- Shifting abortion politics -- Who or what is the fetus? -- Aiming at death or ceasing to aid? -- The challenge of public policy -- Abortion and women -- A way forward -- Conclusion: Beyond polarization.
526 _aP202
526 _aP201
526 _aP163
526 _aP162
526 _aP161
526 _aP160
526 _aP148
526 _aP147
526 _aP146
526 _aP145
526 _aP144
526 _aP143
526 _aP142
526 _aP141
526 _aP140
526 _aP139
526 _aP138
526 _aP137
526 _aP136
526 _aP135
526 _aP134
526 _aP133
526 _aP129
526 _aP128
526 _aP127
526 _aP120
526 _aP119
526 _aP118
526 _aP116
526 _aP115
526 _aP114
526 _aP110
526 _aP109
526 _aP108
526 _aP104
526 _aP103
526 _aP102
526 _aP99
526 _aP98
526 _aP97
526 _aP96
526 _aP95
526 _aP93
526 _aP90
526 _aP89
526 _aP88
526 _aP83
526 _aP82
526 _aP62
526 _aP59
526 _aP58
526 _aP57
526 _aP51
526 _aP49
526 _aP48
526 _aP47
526 _aP29
526 _aP24
526 _aP20
526 _aP19
526 _aP17
526 _aP15
526 _aP14
526 _aP12
526 _aP10
526 _aP09
526 _aP08
526 _aP07
526 _aP06
526 _aP05
526 _aP04
526 _aP01
650 0 7 _aAborto
_xAspectos políticos.
650 0 7 _aAborto
_xAspectos religiosos.
650 0 7 _aDerechos de las mujeres.
910 _ajck
_bjvq
_cjck
_d20170124.
942 _2ddc
_cBOOK
949 _a305.42C 24
_wDEWEY
_c1
_i75591
_lCATALOGING
_mBUL
_p20.00
_r0
_sY
_tBOOK
_u2017-01-24
_xTEOLOGIA
_zPOSGRADO TEOLOGÍA
_0COMPRA
_o.CIRCNOTE. El documento es de alto precio.
_o.STAFF. Colección Teología
596 _a1
999 _a305.42 C24
_wLC
_c15167
_i75591
_f2021-11-11
_g5
_lCCODEBUL1
_mBUL
_p20.00
_r0
_sY
_tBOOK
_u2017-1-24
_xTEOLOGIA
_PP85
_0COMPRA
_o.STAFF. Colección Teología
_d15167
980 _81
_gALBERTO SANCHEZ Responsable de Automatización